[Event "Let's play"]
[Site "SchemingMind.com"]
[Date "2017.10.16"]
[Round "-"]
[White "berns"]
[Black "davidcook"]
[Result "0-1"]
[WhiteCountry "ENG"]
[BlackCountry "ENG"]
[WhiteElo "1523"]
[WhiteRD "91"]
[BlackElo "1799"]
[BlackRD "177"]
[GameID "419592"]

1. d4 d5 2. c4 e6 3. Nc3 Nf6 4. Bg5 Nbd7 5. e3 c6 6. Bd3 Qa5 7. Ne2 dxc4 8. Bxc4 Qxg5 9. Ng3 Bb4 10. a3 Bxc3+
11. bxc3 Qa5 12. Qb3 Nd5 13. Bxd5 exd5 14. O-O Nf6 15. Rfe1 O-O 16. h3 Qc7 17. Re2 Ne4 18. Nxe4 dxe4 19. Rc1 Be6 20. Qc2 f5
21. c4 Qf7 22. a4 Qg6 23. Rb1 f4 24. exf4 Bxh3 25. Qxe4 Bf5 26. Qxf5 Qxf5 27. Rxb7 Qxf4 28. d5 Rae8 29. Rxe8 Rxe8 30. Kf1 Qc1#
0-1

[Event "Let's play"]
[Site "SchemingMind.com"]
[Date "2017.10.19"]
[Round "-"]
[White "davidcook"]
[Black "berns"]
[Result "1-0"]
[WhiteCountry "ENG"]
[BlackCountry "ENG"]
[WhiteElo "1801"]
[WhiteRD "84"]
[BlackElo "1515"]
[BlackRD "95"]
[GameID "419593"]

1. e4 c5 2. d4 e6 3. d5 d6 4. c4 Nf6 5. Nc3 Nbd7 6. f4 b6 7. Nf3 h6 8. Qc2 g6 9. Bd3 Ba6 10. e5 dxe5
11. dxe6 fxe6 12. Bxg6+ Ke7 13. Nxe5 Nxe5 14. fxe5 Ng4 15. Qe4
1-0

[Event "Let's play"]
[Site "SchemingMind.com"]
[Date "2017.10.18"]
[Round "-"]
[White "aliwood"]
[Black "Kenny Elliott"]
[Result "0-1"]
[WhiteCountry "ENG"]
[BlackCountry "USA"]
[WhiteElo "1242"]
[WhiteRD "59"]
[BlackElo "1599"]
[BlackRD "73"]
[GameID "419596"]

1. Nf3 d5 2. d4 Nf6 3. c4 c6 4. Nc3 Bg4 5. h3 Bh5 6. g4 Bg6 7. Ne5 Nbd7 8. c5 Nxe5 9. dxe5 Ne4 10. Nxe4 Bxe4
11. Rg1 Qc7 12. Be3 Qxe5 13. Bd4 Qh2 14. Rc1 Qxg1 15. b4 Bg2
0-1

[Event "Let's play"]
[Site "SchemingMind.com"]
[Date "2017.10.18"]
[Round "-"]
[White "Kenny Elliott"]
[Black "aliwood"]
[Result "1-0"]
[WhiteCountry "USA"]
[BlackCountry "ENG"]
[WhiteElo "1615"]
[WhiteRD "73"]
[BlackElo "1301"]
[BlackRD "55"]
[GameID "419597"]

1. d4 d5 2. c4 e6 3. Nf3 Nf6 4. Nc3 c6 5. Bg5 h6 6. Bh4 g5 7. Bg3 Ne4 8. Nxe4 Be7 9. cxd5 cxd5 10. Nc3 Nc6
11. Ne5 Nxe5 12. Bxe5 Bf6 13. Bxf6 Qxf6 14. Qa4+ Bd7 15. Qb4 Bc6 16. Nb5 Qe7 17. Nd6+ Qxd6 18. Qxd6 Rd8 19. Qe5 O-O 20. Qf6 Rd7
21. Qxh6 f6 22. Qh3 Re7 23. e3 Rff7 24. Bd3 Bd7 25. Qg3 a6 26. h4 Kf8 27. hxg5 f5 28. g6 Rg7 29. Rh8+ Rg8 30. g7+ Rxg7
31. Rxg8+ Rxg8 32. Qd6+ Ke8 33. Qb8+ Kf7 34. Qxb7 Ke7 35. g3 Rd8 36. Rc1 Kf6 37. Rc7 Kg5 38. Rxd7
1-0

[Event "Let's play"]
[Site "SchemingMind.com"]
[Date "2017.10.16"]
[Round "-"]
[White "ray winteringham"]
[Black "Chessibelle"]
[Result "1-0"]
[WhiteCountry "ENG"]
[BlackCountry "ENG"]
[WhiteElo "1535"]
[WhiteRD "53"]
[BlackElo "1098"]
[BlackRD "60"]
[GameID "419598"]

1. e4 e5 2. Nf3 Nc6 3. Bc4 h6 4. d3 f6 5. Bxg8 Rxg8 6. Be3 b6 7. c4 d6 8. Nc3 Nb4 9. Qa4+ Kf7 10. Qxb4 g5
11. a3 Bd7 12. Qb3 f5 13. exf5 Bxf5 14. Ne2 Be6 15. Qc2 c5 16. h3 Be7 17. b3 d5 18. Nxe5+ Ke8 19. Nc6 Qd7 20. Nxe7 Kxe7
21. Rd1 Qd6 22. O-O Raf8 23. f3 h5 24. Qd2 g4 25. fxg4 hxg4 26. Rxf8 Rxf8 27. h4 Rh8 28. Bf4 Qd8 29. Bg5+
1-0

[Event "Let's play"]
[Site "SchemingMind.com"]
[Date "2017.10.16"]
[Round "-"]
[White "Chessibelle"]
[Black "ray winteringham"]
[Result "0-1"]
[WhiteCountry "ENG"]
[BlackCountry "ENG"]
[WhiteElo "1098"]
[WhiteRD "60"]
[BlackElo "1535"]
[BlackRD "53"]
[GameID "419599"]

1. d4 d5 2. Nf3 Bg4 3. e3 g6 4. Be2 Bg7 5. O-O e6 6. Nbd2 Ne7 7. a3 Nd7 8. b4 a6 9. h3 Bxf3 10. Bxf3 f5
11. g4 c6 12. Bg2 Qc7 13. Nf3 h5 14. Re1 O-O-O 15. Nd2 hxg4 16. Bh1 Rxh3 17. f3 Qg3+ 18. Bg2 Rdh8 19. Kf1 Rh2 20. Ke2 Rxg2+
21. Kd3 e5 22. c4 e4+ 23. Kc3 gxf3 24. Rf1 f2 25. Nb3 Rg1 26. Bd2 Rhh1 27. Qe2 f4 28. a4 Rxf1 29. Rxf1 Rxf1 30. cxd5 Rg1
31. dxc6 Nxc6 32. Qc4 f1=Q 33. Qg8+ Kc7 34. Qxg7 Qfe1 35. Kc4 Qe2+ 36. Kd5 Qg5+ 37. Ke6 Qeg4+ 38. Kf7 Qe7+
0-1

[Event "Let's play"]
[Site "SchemingMind.com"]
[Date "2017.10.16"]
[Round "-"]
[White "Phillip Beckett"]
[Black "Mitch The Man"]
[Result "1-0"]
[WhiteCountry "ENG"]
[BlackCountry "USA"]
[WhiteElo "1600"]
[WhiteRD "58"]
[BlackElo "1363"]
[BlackRD "63"]
[GameID "419600"]

1. e4 e5 2. Nf3 Bd6 3. c3 c6 4. Bc4 Ne7 5. O-O Ng6 6. Qb3 Rf8 7. d3 h6 8. d4 b5 9. dxe5 bxc4 10. Qxc4 Ba6
11. Qb3 Nxe5 12. Nxe5 Bxf1 13. Nxc6 Nxc6 14. Kxf1 Rb8 15. Qc2 Bxh2 16. Be3 Bd6 17. Nd2 Qh4 18. Ke2 Qg4+ 19. Kf1 Bh2 20. Nf3 Qh5
21. Rd1 Bc7 22. Kg1 Rb7 23. Qd3 Rxb2 24. Qxd7#
1-0

[Event "Let's play"]
[Site "SchemingMind.com"]
[Date "2017.10.16"]
[Round "-"]
[White "Mitch The Man"]
[Black "Phillip Beckett"]
[Result "0-1"]
[WhiteCountry "USA"]
[BlackCountry "ENG"]
[WhiteElo "1363"]
[WhiteRD "63"]
[BlackElo "1600"]
[BlackRD "58"]
[GameID "419601"]

1. e4 e5 2. Nf3 Nc6 3. c3 Nf6 4. Bd3 Be7 5. h3 d6 6. O-O h6 7. Nh2 O-O 8. Bc2 Be6 9. d3 Nh7 10. b4 Ng5
11. Ba4 a6 12. Bxc6 bxc6 13. Qa4 Qd7 14. Qc2 Bxh3 15. Bxg5 Bxg5 16. gxh3 Qxh3 17. f3 Be3+ 18. Rf2 Qg3+ 19. Kf1 Bxf2 20. Qxf2 Qf4
21. Na3 f5 22. Ke2 fxe4 23. dxe4 a5 24. Nc2 axb4 25. Nxb4 Qf7 26. Kd2 c5 27. Nd5 c6 28. Nb6 Rxa2+ 29. Rxa2 Qxa2+ 30. Ke1 Qb1+
31. Ke2 Qxb6 32. Kf1 Rb8 33. c4 Qb1+
0-1

[Event "Let's play"]
[Site "SchemingMind.com"]
[Date "2017.10.16"]
[Round "-"]
[White "Nouveau L"]
[Black "Wolli"]
[Result "1-0"]
[WhiteCountry "FRA"]
[BlackCountry "GER"]
[WhiteElo "2058"]
[WhiteRD "102"]
[BlackElo "1475"]
[BlackRD "151"]
[GameID "419602"]

1. d4 d5 2. c4 e6 3. Nf3 Be7 4. Nc3 Nf6 5. Bf4 O-O 6. e3 b6 7. cxd5 Nxd5 8. Nxd5 exd5 9. Bd3 Nd7 10. Qc2 h6
11. Qc6 Bb4+ 12. Ke2 Bd6 13. Bxd6
1-0

[Event "Let's play"]
[Site "SchemingMind.com"]
[Date "2017.10.16"]
[Round "-"]
[White "Wolli"]
[Black "Nouveau L"]
[Result "0-1"]
[WhiteCountry "GER"]
[BlackCountry "FRA"]
[WhiteElo "1575"]
[WhiteRD "99"]
[BlackElo "2086"]
[BlackRD "100"]
[GameID "419603"]

1. c4 e5 2. g3 Nf6 3. Bg2 d5 4. cxd5 Nxd5 5. Nc3 Nb6 6. Nf3 Nc6 7. O-O Be7 8. b3 O-O 9. e3 Be6 10. Bb2 Qd7
11. d4 exd4 12. Nxd4 Nxd4 13. Qxd4 Qxd4 14. exd4 c6 15. Rfd1 Rfd8 16. Ne4 Bg4 17. Rd2 f5 18. Nc3 Rd7 19. h3 Bh5 20. Re1 Bf7
21. Red1 Rad8 22. Ne2 Bh5 23. f3 Nd5 24. Nf4 Nxf4 25. gxf4 Bd6 26. Kf2 Bxf4 27. Rd3 Bf7 28. h4 Rd6 29. Re1 Rg6 30. Bc1 Bg3+
31. Kf1 Bxe1 32. Kxe1 Rxg2
0-1

[Event "Let's play"]
[Site "SchemingMind.com"]
[Date "2017.10.31"]
[Round "-"]
[White "cnile"]
[Black "Phillip Beckett"]
[Result "1-0"]
[WhiteCountry "SCO"]
[BlackCountry "ENG"]
[WhiteElo "1454"]
[WhiteRD "64"]
[BlackElo "1564"]
[BlackRD "49"]
[GameID "420077"]

1. d4 d5 2. Nf3 Nf6 3. Bg5 e6 4. c4 Be7 5. e3 h6 6. Bxf6 Bxf6 7. Nc3 c6 8. cxd5 exd5 9. Bd3 O-O 10. O-O Bg4
11. h3 Be6 12. Rc1 Nd7 13. Qc2 Re8 14. b4 a6 15. a4 Be7 16. b5 axb5 17. axb5 Nb6 18. bxc6 bxc6 19. Ne2 Bd7 20. Ne5 Rc8
21. Bh7+ Kf8 22. Bd3 Bf6 23. Nf3 Qe7 24. Qb3 Rb8 25. Qc2 Qd6 26. Ng3 Rec8 27. Qc5 Qxc5 28. Rxc5 Na4 29. Rcc1 Nb2 30. Bc2 Nc4
31. Bf5 Bxf5 32. Nxf5 Rb2 33. Rb1 Rcb8 34. Rbc1 Ra2 35. Rb1 Rbb2 36. Rxb2 Rxb2 37. Ng3 Be7 38. Ra1 f6 39. Ne1 Bb4 40. Nd3 Ba3
41. Nc5 Bxc5 42. dxc5 Rb5 43. Nf5 Rxc5 44. Nd4 Ne5 45. Ne6+
1-0

[Event "Let's play"]
[Site "SchemingMind.com"]
[Date "2017.10.30"]
[Round "-"]
[White "Phillip Beckett"]
[Black "cnile"]
[Result "1-0"]
[WhiteCountry "ENG"]
[BlackCountry "SCO"]
[WhiteElo "1564"]
[WhiteRD "49"]
[BlackElo "1454"]
[BlackRD "64"]
[GameID "420078"]

1. d4 d5 2. e3 Bf5 3. Bd3 Bxd3 4. Qxd3 e6 5. Nd2 Nf6 6. c3 c5 7. f4 cxd4 8. exd4 Nc6 9. Ngf3 Bd6 10. Ne5 O-O
11. O-O a6 12. Ndf3 Rc8 13. Bd2 h6 14. Nxc6 Rxc6 15. Ne5 Rc8 16. Be1 Ne4 17. Bg3 Qb6 18. Qe2 Nxg3 19. hxg3 Be7 20. Nd7 Qc6
21. Nxf8 Bxf8 22. f5 Qd6 23. fxe6 Qxe6 24. Qxe6 fxe6 25. Rae1 Re8 26. Re2 Bd6 27. Re3 e5 28. Kh2 e4 29. Rf5 Rd8 30. Kh3 Rf8
31. Rxf8+ Kxf8 32. Kg4 b5 33. Kf5 Kf7 34. Kg4 g6 35. Kh3 Kf6 36. g4 Kg5 37. g3 h5 38. gxh5 gxh5 39. b3 a5 40. c4 h4
41. gxh4+ Kf4 42. Re1 Kf3 43. h5 bxc4 44. bxc4 dxc4 45. Rc1 Bf4 46. Rxc4 Be3 47. d5 Bd2 48. d6 Bg5 49. d7 e3 50. Rc3 Kf2
51. h6 Bd8 52. h7 Bf6 53. d8=Q Bxd8 54. h8=Q
1-0

[Event "Let's play"]
[Site "SchemingMind.com"]
[Date "2017.12.06"]
[Round "-"]
[White "davidcook"]
[Black "desmondw"]
[Result "1-0"]
[WhiteCountry "ENG"]
[BlackCountry "IRL"]
[WhiteElo "1801"]
[WhiteRD "84"]
[BlackElo "1648"]
[BlackRD "140"]
[GameID "421590"]

1. e4 e5 2. Nf3 Nc6 3. Bc4 Bc5 4. b4 Bxb4 5. c3 Ba5 6. d4 exd4 7. O-O dxc3 8. Qb3 Nh6 9. Bxh6 c2 10. Bxf7+ Kf8
11. Bh5 Qf6 12. Bg5 Nd4 13. Nxd4
1-0

[Event "Let's play"]
[Site "SchemingMind.com"]
[Date "2017.12.06"]
[Round "-"]
[White "desmondw"]
[Black "davidcook"]
[Result "0-1"]
[WhiteCountry "IRL"]
[BlackCountry "ENG"]
[WhiteElo "1648"]
[WhiteRD "140"]
[BlackElo "1801"]
[BlackRD "84"]
[GameID "421591"]

1. e4 e5 2. Nc3 Nf6 3. Nf3 Nc6 4. Bc4 Nxe4 5. Bxf7+ Kxf7 6. Nxe4 d5 7. Neg5+ Kg8 8. d3 h6 9. Ne6 Bxe6 10. O-O Qf6
11. Re1 Bd6 12. Bd2 Bg4 13. c4 Nd4
0-1

[Event "Let's play"]
[Site "SchemingMind.com"]
[Date "2017.12.11"]
[Round "-"]
[White "grabapawn"]
[Black "davidcook"]
[Result "0-1"]
[WhiteCountry "USA"]
[BlackCountry "ENG"]
[WhiteElo "1543"]
[WhiteRD "52"]
[BlackElo "1801"]
[BlackRD "84"]
[GameID "421830"]

1. d4 d5 2. Bf4 Nf6 3. e3 c5 4. c3 Nc6 5. Bd3 Qb6 6. Qc2 c4 7. Be2 Bf5 8. Qc1 e6 9. Nd2 Be7 10. Ngf3 h6
11. h3 O-O 12. g4 Bh7 13. Rb1 Bxb1 14. Qxb1 Nh7 15. h4 f5 16. g5 hxg5 17. hxg5 g6 18. Nh4 Kg7 19. Nxg6 Kxg6 20. Rh6+ Kg7
21. g6 Ng5 22. Rh5 Rh8 23. Rxh8 Rxh8 24. Nf3 Rh1+ 25. Bf1 Nxf3+ 26. Ke2 Ng5 27. Qc2 Qa6 28. Bg2 Rh8 29. a3 Qb6 30. f3 Qd8
31. e4 Bd6 32. e5 Be7 33. Kf2 Nh3+ 34. Bxh3 Rxh3 35. Ke3 Bg5 36. Qg2 Bxf4+ 37. Kxf4 Qh4+ 38. Ke3 f4+ 39. Ke2 Rh2
0-1

[Event "Let's play"]
[Site "SchemingMind.com"]
[Date "2017.12.11"]
[Round "-"]
[White "davidcook"]
[Black "grabapawn"]
[Result "1-0"]
[WhiteCountry "ENG"]
[BlackCountry "USA"]
[WhiteElo "1801"]
[WhiteRD "84"]
[BlackElo "1543"]
[BlackRD "52"]
[GameID "421831"]

1. e4 d6 2. d4 Nf6 3. Nc3 Nbd7 4. f4 c6 5. e5 Nd5 6. Nf3 b5 7. Bd2 a5 8. Nxd5 cxd5 9. Bxb5 e6 10. O-O Be7
11. Qe2 Qc7 12. Rfc1 O-O 13. a4 Nb6 14. b3 f6 15. Be3 Bb7 16. Bd3 Nd7 17. Bd2 f5 18. Ng5 Qc8 19. Nxe6 Rf7 20. g4 fxg4
21. Qxg4 dxe5 22. dxe5 Nf8 23. f5 Ra6 24. Bxa6 Bxa6 25. Nd4 Bc5 26. c3 Kh8 27. Kh1 Bd3 28. e6 Rf6 29. Be3 Be4+ 30. Kg1 Qc7
31. Bf4 Qa7 32. Bg3 Bxd4+ 33. cxd4 Qxd4+ 34. Bf2 Qb4 35. Rc7 g6 36. e7 gxf5 37. exf8=Q+ Rxf8 38. Qg7#
1-0

[Event "Let's play"]
[Site "SchemingMind.com"]
[Date "2017.12.19"]
[Round "-"]
[White "James Reed"]
[Black "Kenny Elliott"]
[Result "0-1"]
[WhiteCountry "ENG"]
[BlackCountry "USA"]
[WhiteElo "1335"]
[WhiteRD "90"]
[BlackElo "1510"]
[BlackRD "67"]
[GameID "422108"]

1. e4 c5 2. Nc3 d6 3. Nf3 Bg4 4. Be2 Bxf3 5. Bxf3 Nf6 6. O-O Nc6 7. Re1 e5 8. d3 Be7 9. a3 O-O 10. Be3 a6
11. h3 Nd4 12. Bxd4 cxd4 13. Nd5 Nxd5 14. exd5 b5 15. Qe2 Qc7 16. Qd2 Bg5 17. Qxg5 Qxc2 18. Qc1 Qxd3 19. Rd1 Qf5 20. Qd2 Rac8
21. Bg4 Qc2 22. Bxc8 Qxc8 23. Rac1 Qa8 24. Rc6 a5 25. Rxd6 Qb8 26. Rc6 Rd8 27. d6 f6 28. Qxa5 Rxd6 29. Rxd6 Qxd6 30. Qxb5 Qe6
31. Qb7 h6 32. a4 Qc4 33. a5 Qc2 34. Qd5+ Kh7 35. Re1 d3 36. Qe4+ Kh8 37. a6 d2 38. Qa8+ Kh7 39. Qe4+ Qxe4 40. Rxe4 d1=Q+
41. Kh2 Qa1
0-1

[Event "Let's play"]
[Site "SchemingMind.com"]
[Date "2017.12.19"]
[Round "-"]
[White "Kenny Elliott"]
[Black "James Reed"]
[Result "1-0"]
[WhiteCountry "USA"]
[BlackCountry "ENG"]
[WhiteElo "1510"]
[WhiteRD "67"]
[BlackElo "1335"]
[BlackRD "90"]
[GameID "422109"]

1. d4 d5 2. c4 Bf5 3. Nc3 e6 4. Nf3 h6 5. e3 Nc6 6. cxd5 Nb4 7. dxe6 Bxe6 8. a3 Nd5 9. e4 Nxc3 10. bxc3 a6
11. Be2 Be7 12. O-O Nf6 13. d5 Bg4 14. e5 Nxd5 15. Bb2 Nf4 16. Qc2 O-O 17. Qe4 Nxe2+ 18. Qxe2 c6 19. Rad1 Qc7 20. Qe4 Bxf3
21. Qxf3 Qxe5 22. Rfe1 Qf6 23. Qe2 Rfe8 24. c4 Qg5 25. Bc1 Qc5 26. Be3 Qxa3 27. Rd7 b5 28. cxb5 axb5 29. Bc1 Qc5 30. Be3 Qf5
31. Red1 Rad8 32. Rxd8 Bxd8 33. Qd2 Bc7 34. Qc3 Rd8 35. Rc1 Qh5 36. h3 Qg6 37. Qa3 Bd6 38. Qa5 Rc8 39. Qa6 Qe6 40. Rxc6 Rxc6
41. Qxc6 Qc4 42. Qe8+
1-0

[Event "Let's play"]
[Site "SchemingMind.com"]
[Date "2018.01.06"]
[Round "-"]
[White "ray winteringham"]
[Black "Phillip Beckett"]
[Result "1-0"]
[WhiteCountry "ENG"]
[BlackCountry "ENG"]
[WhiteElo "1481"]
[WhiteRD "50"]
[BlackElo "1564"]
[BlackRD "49"]
[GameID "422946"]

1. e4 e5 2. Nf3 Nc6 3. Bb5 a6 4. Bxc6 dxc6 5. d3 Qd6 6. Be3 Bg4 7. h3 Bh5 8. Nbd2 O-O-O 9. O-O f6 10. Qb1 g5
11. g4 Bg6 12. Nh2 h5 13. f3 hxg4 14. fxg4 Rxh3 15. Rf2 Rxe3 16. Rg2 Qd4 17. Kh1 Rh3 18. Nf3 Qd7 19. Qg1 Kb8 20. b3 b6
21. a4 Bc5 22. Qf1 Ne7 23. Rf2 Rdh8 24. Rg2 Bf7 25. a5 Be6 26. axb6 cxb6 27. Rxa6 Bxg4 28. Qa1 Rxh2+ 29. Nxh2 Qb7 30. Rxg4 Be3
31. Kg2 Bf4 32. Nf3 Ng6 33. Kf2 Rh3 34. Ng1 Be3+ 35. Kg2 Rh8 36. Kf3 Bf4 37. Ra2 Nh4+ 38. Ke2 Ng6 39. Nf3 Rh3 40. Qf1 Rh8
41. Rg1 Nh4 42. Qh3 Qh7 43. Rga1 Qb7 44. Ra8+ Qxa8 45. Rxa8+ Kxa8 46. Qd7 Nxf3 47. Qxc6+ Kb8 48. Qxb6+ Ka8 49. Kxf3 Rh3+ 50. Kg4 Rh4+
51. Kf5 Bd2 52. Ke6 f5 53. Kxf5 Bf4 54. c4 g4 55. Qd8+
1-0

[Event "Let's play"]
[Site "SchemingMind.com"]
[Date "2018.01.06"]
[Round "-"]
[White "Phillip Beckett"]
[Black "ray winteringham"]
[Result "0-1"]
[WhiteCountry "ENG"]
[BlackCountry "ENG"]
[WhiteElo "1564"]
[WhiteRD "49"]
[BlackElo "1481"]
[BlackRD "50"]
[GameID "422947"]

1. d4 d5 2. c4 e6 3. Nc3 Nc6 4. Nf3 Be7 5. Bf4 a6 6. e3 Nf6 7. Bd3 dxc4 8. Bxc4 O-O 9. O-O h6 10. a3 b5
11. Ba2 Bb7 12. Rc1 Bd6 13. Bxd6 cxd6 14. Bb1 d5 15. Qd3 Ne7 16. Ne5 Qd6 17. Ng4 Ng6 18. Nxf6+ gxf6 19. h4 h5 20. Ne2 f5
21. g3 Kg7 22. Nf4 Kh6 23. Nxg6 fxg6 24. Rc5 Rac8 25. Rfc1 Bc6 26. Qd2 Kg7 27. Qe2 Rc7 28. f4 Rfc8 29. Qd2 Kf7 30. Ba2 Bb7
31. Rxc7+ Rxc7 32. Rxc7+ Qxc7 33. Qc3 Qxc3 34. bxc3 Ke7= 35. Kf2 Kd6 36. Ke2 Kc6 37. Kd2 Kb6 38. Kc2 a5 39. Kb3 Kc6 40. a4 Ba6
41. axb5+ Bxb5 42. Ka3 Kb6 43. Bb3 Bc4 44. Ba4 Bb5 45. Bc2 Bc4 46. Ba4 Bb5 47. Kb3 Bxa4+ 48. Kxa4 Ka6 49. Kb3 Kb5 50. c4+ dxc4+
51. Kc3 a4
0-1

[Event "Let's play"]
[Site "SchemingMind.com"]
[Date "2018.01.20"]
[Round "-"]
[White "ray winteringham"]
[Black "Nouveau L"]
[Result "1-0"]
[WhiteCountry "ENG"]
[BlackCountry "FRA"]
[WhiteElo "1528"]
[WhiteRD "52"]
[BlackElo "2003"]
[BlackRD "76"]
[GameID "423464"]

1. e4 c5 2. Nf3 d6 3. d4 cxd4 4. Nxd4 Nf6 5. Bd3 g6 6. Be3 Bg7 7. Nc3 O-O 8. Qd2 Ng4 9. O-O-O Nc6 10. f3 Nxe3
11. Nxc6
1-0

[Event "Let's play"]
[Site "SchemingMind.com"]
[Date "2018.01.20"]
[Round "-"]
[White "Nouveau L"]
[Black "ray winteringham"]
[Result "0-1"]
[WhiteCountry "FRA"]
[BlackCountry "ENG"]
[WhiteElo "2003"]
[WhiteRD "76"]
[BlackElo "1528"]
[BlackRD "52"]
[GameID "423465"]

1. d4 d5 2. c4 e6 3. Nf3 Nc6 4. Nc3 Bb4 5. e3 Nge7 6. Bd3 h6 7. O-O Bxc3 8. bxc3 a6 9. Ba3 O-O 10. Re1 Re8
0-1

[Event "Let's play"]
[Site "SchemingMind.com"]
[Date "2018.02.03"]
[Round "-"]
[White "maro"]
[Black "Kenny Elliott"]
[Result "0-1"]
[WhiteCountry "MEX"]
[BlackCountry "USA"]
[WhiteElo "1439"]
[WhiteRD "63"]
[BlackElo "1543"]
[BlackRD "71"]
[GameID "424308"]

1. e4 c5 2. Bc4 d6 3. Qh5 g6 4. Qd5 e6 5. Qd3 Bg7 6. Nc3 a6 7. Nf3 Nc6 8. a3 Nf6 9. h3 O-O 10. O-O b5
11. Ba2 b4 12. axb4 a5 13. bxc5 Ba6 14. Nb5 dxc5 15. Qc4 Bxb5 16. Qxb5 Nd4 17. Nxd4 Qxd4 18. d3 Rfb8 19. Qc4 Qxc4 20. Bxc4 a4
21. Be3 Nd7 22. c3 Rxb2 23. Ra3 Ne5 24. Ba2 Nxd3 25. c4 Nb4 26. Ra1 Nc2 27. Rb1 Nxa3 28. Rxb2 Bxb2 29. Bxc5 Nc2 30. Bd6 a3
31. c5 Nb4 32. Bc4 a2
0-1

[Event "Let's play"]
[Site "SchemingMind.com"]
[Date "2018.02.03"]
[Round "-"]
[White "Kenny Elliott"]
[Black "maro"]
[Result "1-0"]
[WhiteCountry "USA"]
[BlackCountry "MEX"]
[WhiteElo "1543"]
[WhiteRD "71"]
[BlackElo "1439"]
[BlackRD "63"]
[GameID "424309"]

1. d4 d5 2. c4 dxc4 3. Nc3 Nf6 4. Nf3 e6 5. Bg5 Be7 6. Bxf6 Bxf6 7. e4 O-O 8. Bxc4 c6 9. O-O b6 10. e5 Bg5
11. Ne4 h6 12. Nfxg5 hxg5 13. Qh5 f6 14. exf6 gxf6 15. Qg6+ Kh8 16. Bd3 f5 17. Nxg5 Qd7 18. Rae1 Rg8 19. Qh6+
1-0

[Event "Let's play"]
[Site "SchemingMind.com"]
[Date "2018.04.30"]
[Round "-"]
[White "davidcook"]
[Black "Kenny Elliott"]
[Result "1-0"]
[WhiteCountry "ENG"]
[BlackCountry "USA"]
[WhiteElo "1912"]
[WhiteRD "63"]
[BlackElo "1528"]
[BlackRD "70"]
[GameID "427790"]

1. e4 c5 2. d4 e6 3. Nf3 cxd4 4. c3 Nf6 5. e5 Nd5 6. cxd4 Bb4+ 7. Bd2 Qb6 8. Nc3 Bxc3 9. bxc3 Qc7 10. Bd3 Nxc3
11. Rc1 Qa5 12. Rxc3 O-O 13. Rxc8 Qxa2 14. Rxf8+ Kxf8 15. O-O
1-0

[Event "Let's play"]
[Site "SchemingMind.com"]
[Date "2018.04.30"]
[Round "-"]
[White "Kenny Elliott"]
[Black "davidcook"]
[Result "0-1"]
[WhiteCountry "USA"]
[BlackCountry "ENG"]
[WhiteElo "1528"]
[WhiteRD "70"]
[BlackElo "1912"]
[BlackRD "63"]
[GameID "427791"]

1. d4 g6 2. e4 Bg7 3. Nc3 d6 4. Nf3 Nf6 5. Bc4 O-O 6. O-O Nxe4 7. Qd3 Nxc3 8. Qxc3 Nd7 9. Be3 Nf6 10. Qb3 c6
11. d5 c5 12. Rad1 a6 13. a4 Bd7 14. Bxc5 dxc5 15. Ne5 Rb8 16. Qa2 b5 17. Nxd7 Qxd7 18. axb5 axb5 19. Be2 Ra8 20. Qb1 Ra6
21. c4 b4 22. b3 Ne4 23. Qxe4 Bc3 24. Qe3 Qd6 25. h4 Ra3 26. Rb1 Ra2 27. h5 Bd4 28. Qh6 Rxe2
0-1

[Event "Let's play"]
[Site "SchemingMind.com"]
[Date "2018.05.21"]
[Round "-"]
[White "davidcook"]
[Black "ray winteringham"]
[Result "1-0"]
[WhiteCountry "ENG"]
[BlackCountry "ENG"]
[WhiteElo "1912"]
[WhiteRD "63"]
[BlackElo "1580"]
[BlackRD "52"]
[GameID "428472"]

1. e4 e5 2. Nf3 Nc6 3. Bc4 h6 4. O-O Bc5 5. c3 Qe7 6. d4 Bb6 7. b4 a6 8. a4 Nf6 9. Ba3 O-O 10. b5 Qe8
11. Bxf8 axb5 12. Ba2 Qxf8 13. axb5 Ne7 14. Bxf7+ Qxf7 15. Rxa8 Nxe4 16. Nxe5 Qd5 17. Re1 c5 18. Qg4 Kh7 19. Rxe4 d6 20. Rxc8 Nxc8
21. Qg6+ Kg8 22. Rg4
1-0

[Event "Let's play"]
[Site "SchemingMind.com"]
[Date "2018.05.21"]
[Round "-"]
[White "ray winteringham"]
[Black "davidcook"]
[Result "0-1"]
[WhiteCountry "ENG"]
[BlackCountry "ENG"]
[WhiteElo "1580"]
[WhiteRD "52"]
[BlackElo "1912"]
[BlackRD "63"]
[GameID "428473"]

1. e4 e5 2. b3 Nf6 3. Nc3 Nc6 4. Bb2 Bc5 5. g3 d5 6. exd5 Nxd5 7. Bg2 Nxc3 8. Bxc3 O-O 9. Ne2 Bg4 10. O-O Qf6
11. Bxc6 Qxc6 12. Nd4 exd4 13. Qxg4 dxc3 14. dxc3 Rad8 15. b4 Bb6 16. c4 Rd4 17. Qe2 Rxc4 18. Rfd1 Rxc2 19. Rd2 Rxd2 20. Qxd2 Re8
21. a3 Qf3 22. Rf1 h5 23. Qd7 Bxf2+
0-1